[Event "37th World U20 ch"]
[Site "Kozhikode IND"]
[Date "1998.11.18"]
[Round "2.12"]
[White "Jenni, Florian"]
[Black "Sutkovic, Damir"]
[Result "1-0"]
[WhiteElo "2430"]
[BlackElo "2205"]
[EventDate "1998.11.17"]
[PlyCount "20"]

1.e4 c6 2.d4 d5 3.Nc3 dxe4 4.Nxe4 Nd7 5.Bc4 Ngf6 6.Ng5 e6 7.Qe2 Nb6 8.Bd3 
h6 9.N5f3 c5 10.dxc5 Bxc5 1-0

[Event "37th World U20 ch"]
[Site "Kozhikode IND"]
[Date "1998.11.18"]
[Round "2.13"]
[White "Salmensuu, Olli"]
[Black "Stinis, Steven"]
[Result "1-0"]
[WhiteElo "2420"]
[BlackElo "2005"]
[EventDate "1998.11.17"]
[PlyCount "20"]

1.e4 Nf6 2.e5 Nd5 3.d4 d6 4.c4 Nb6 5.exd6 cxd6 6.Nc3 g6 7.a4 a5 8.c5 dxc5 
9.Bb5+ N6d7 10.Bf4 Bg7 1-0

[Event "37th World U20 ch"]
[Site "Kozhikode IND"]
[Date "1998.11.18"]
[Round "2.17"]
[White "Nataf, Igor-Alexandre"]
[Black "De Wachter, Matthias"]
[Result "1-0"]
[WhiteElo "2485"]
[BlackElo "2170"]
[EventDate "1998.11.17"]
[PlyCount "53"]

1.e4 c6 2.d4 d5 3.e5 c5 4.dxc5 Nc6 5.Bb5 e6 6.Qg4 h5 7.Qe2 Bxc5 8.c3 Bd7 
9.Nf3 Nh6 10.O-O Qc7 11.Nbd2 a6 12.Nb3 Ba7 13.Bxh6 Rxh6 14.Bd3 g5 15.Rae1 
g4 16.Nfd4 O-O-O 17.Nxc6 Bxc6 18.Nd4 Rdh8 19.f4 Kb8 20.f5 Bxd4+ 21.cxd4 
Qb6 22.Qe3 Qxb2 23.Bxa6 Qxa2 24.Ra1 Qxa6 25.Rxa6 bxa6 26.Qa3 Bb5 27.Rb1 
1-0

[Event "37th World U20 ch"]
[Site "Kozhikode IND"]
[Date "1998.11.18"]
[Round "2.18"]
[White "Herraiz Hidalgo, Herminio"]
[Black "Saurabh, Kherdekar"]
[Result "1/2-1/2"]
[WhiteElo "2405"]
[BlackElo "2265"]
[EventDate "1998.11.17"]
[PlyCount "70"]

1.d4 g6 2.c4 Bg7 3.Nc3 d6 4.e4 Nd7 5.Be3 e5 6.f3 Ne7 7.Qd2 O-O 8.O-O-O Nc6
9.d5 Nd4 10.Nge2 Nxe2+ 11.Bxe2 f5 12.Kb1 Nf6 13.c5 fxe4 14.fxe4 Ng4 15.
Bxg4 Bxg4 16.Rdf1 Bd7 17.Qd3 Kh8 18.Qc4 Qe7 19.c6 Bc8 20.Rxf8+ Bxf8 21.h4 
b6 22.Bg5 Qg7 23.Qe2 Be7 24.b4 h5 25.Rf1 a5 26.a3 Ba6 27.b5 Bc8 28.Qe3 
Bxg5 29.Qxg5 Bg4 30.Kc2 Kh7 31.Kd2 Rf8 32.Rxf8 Qxf8 33.Ke1 Kg7 34.Nb1 Qf6 
35.Qxf6+ Kxf6 1/2-1/2

[Event "37th World U20 ch"]
[Site "Kozhikode IND"]
[Date "1998.11.18"]
[Round "2.19"]
[White "Kobalia, Mikhail"]
[Black "Florean, Andrei"]
[Result "1/2-1/2"]
[WhiteElo "2505"]
[BlackElo "2450"]
[EventDate "1998.11.17"]
[PlyCount "37"]

1.e4 c5 2.Nf3 d6 3.d4 cxd4 4.Nxd4 Nf6 5.Nc3 a6 6.Be3 e5 7.Nb3 Be7 8.f3 Be6
9.Qd2 Nbd7 10.g4 b5 11.g5 Nh5 12.O-O-O Nb6 13.Nd5 Nxd5 14.exd5 Bd7 15.Na5 
Qc7 16.Kb1 O-O 17.c4 f6 18.Rc1 Nf4 19.Rg1 1/2-1/2

[Event "37th World U20 ch"]
[Site "Kozhikode IND"]
[Date "1998.11.18"]
[Round "2.20"]
[White "Alvarez Marquez, Johan Carlos"]
[Black "Soln, Primoz"]
[Result "0-1"]
[WhiteElo "2200"]
[BlackElo "2470"]
[EventDate "1998.11.17"]
[PlyCount "56"]

1.d4 d5 2.c4 e6 3.Nc3 c6 4.cxd5 exd5 5.Nf3 Bf5 6.Bf4 Bd6 7.Bg3 Ne7 8.e3 
O-O 9.Bd3 Re8 10.O-O Bxg3 11.hxg3 Nd7 12.b4 a6 13.a4 b5 14.Ra2 Nb6 15.Ne5 
Qd6 16.Bxf5 Nxf5 17.Qf3 Qe6 18.Rfa1 Ne7 19.Nd3 Qg6 20.Nc5 Qd6 21.g4 h6 22.
g3 Reb8 23.a5 Nc4 24.Kg2 Rf8 25.Qf4 Qg6 26.Rh1 f5 27.Rh4 Qf7 28.Qf3 Ra7 
0-1

[Event "37th World U20 ch"]
[Site "Kozhikode IND"]
[Date "1998.11.18"]
[Round "2.21"]
[White "Kosmac, Blazimir"]
[Black "Vuckovic, Bojan"]
[Result "0-1"]
[WhiteElo "2175"]
[BlackElo "2435"]
[EventDate "1998.11.17"]
[PlyCount "63"]

1.e4 c5 2.Nf3 d6 3.d4 cxd4 4.Nxd4 Nf6 5.Nc3 Nc6 6.Be2 g6 7.Nb3 Bg7 8.O-O 
O-O 9.f4 a6 10.Bf3 Bd7 11.Nd5 b5 12.Re1 Rc8 13.a4 Nxd5 14.exd5 Nb4 15.c3 
bxa4 16.cxb4 axb3 17.Rxa6 Bb5 18.Ra3 Qc7 19.h3 Qxc1 20.Qxc1 Rxc1 21.Rxc1 
Bxb2 22.Ra5 Bd3 23.Rd1 Bd4+ 24.Kh2 b2 25.Rxd3 Bg1+ 26.Kxg1 b1=Q+ 27.Rd1 
Qxb4 28.Ra2 Qxf4 29.Re2 Qg5 30.Rde1 Re8 31.Re4 Kf8 32.Kh1 0-1

[Event "37th World U20 ch"]
[Site "Kozhikode IND"]
[Date "1998.11.18"]
[Round "2.22"]
[White "Dervishi, Erald"]
[Black "Leskiewicz, Maksymilian"]
[Result "1/2-1/2"]
[WhiteElo "2430"]
[BlackElo "2210"]
[EventDate "1998.11.17"]
[PlyCount "46"]

1.e4 c5 2.Nf3 d6 3.d4 cxd4 4.Nxd4 Nf6 5.Nc3 a6 6.Be2 e5 7.Nb3 Be7 8.O-O 
O-O 9.Kh1 Be6 10.f4 exf4 11.Bxf4 Nc6 12.Qe1 b5 13.Rd1 Ne8 14.Bf3 Qc8 15.
Nd5 Qb8 16.Bg3 Ne5 17.c3 Nc4 18.Rf2 Nf6 19.Nxf6+ Bxf6 20.Bxd6 Nxd6 21.e5 
Bxe5 22.Qxe5 Nc4 23.Qh5 Qb6 1/2-1/2

[Event "37th World U20 ch"]
[Site "Kozhikode IND"]
[Date "1998.11.18"]
[Round "2.23"]
[White "Ramu, K."]
[Black "Blehm, Pawel"]
[Result "0-1"]
[WhiteElo "2125"]
[BlackElo "2420"]
[EventDate "1998.11.17"]
[PlyCount "60"]

1.e4 c5 2.Nf3 d6 3.d3 Nc6 4.g3 g6 5.Bg2 Bg7 6.O-O e5 7.Nc3 Nge7 8.Nh4 O-O 
9.f4 Nd4 10.h3 Be6 11.Ne2 Nxe2+ 12.Qxe2 exf4 13.gxf4 Nc6 14.Nf3 d5 15.c3 
Re8 16.Ng5 Bd7 17.Qc2 dxe4 18.dxe4 h6 19.Nf3 Qe7 20.Nh2 Rad8 21.Bd2 Be6 
22.Rae1 Bxa2 23.f5 Bc4 24.Rf3 Ne5 25.Rg3 Qd6 26.Bf4 g5 27.f6 Qxf6 28.Bxe5 
Qxe5 29.Ree3 Qd6 30.Bf1 Be6 0-1

[Event "37th World U20 ch"]
[Site "Kozhikode IND"]
[Date "1998.11.18"]
[Round "2.24"]
[White "Hossain, Enamul"]
[Black "Belmonte, Diego Mariano"]
[Result "0-1"]
[WhiteElo "2335"]
[BlackElo "2200"]
[EventDate "1998.11.17"]
[PlyCount "66"]

1.e4 Nf6 2.e5 Nd5 3.d4 d6 4.Nf3 g6 5.Bc4 Nb6 6.Bb3 Bg7 7.exd6 cxd6 8.h3 
O-O 9.O-O Nc6 10.Re1 Bf5 11.c3 Rc8 12.Bg5 Re8 13.Qd2 Na5 14.Na3 Nxb3 15.
axb3 a6 16.c4 Rc7 17.Nb1 Bxb1 18.Raxb1 Nd7 19.Rbc1 Nf6 20.Qa5 Qd7 21.b4 
Rec8 22.b3 h6 23.Be3 Qd8 24.b5 b6 25.Qb4 a5 26.Qd2 Kh7 27.d5 Ne4 28.Qc2 
Nc5 29.Bd4 Qh8 30.Rcd1 Bf6 31.h4 h5 32.Qc3 Kg8 33.Bxf6 Qxf6 0-1

[Event "37th World U20 ch"]
[Site "Kozhikode IND"]
[Date "1998.11.18"]
[Round "2.26"]
[White "Sandipan, Chanda"]
[Black "Beenish, Bhatia"]
[Result "1-0"]
[WhiteElo "2305"]
[BlackElo "2190"]
[EventDate "1998.11.17"]
[PlyCount "76"]

1.e4 c5 2.Nc3 Nc6 3.f4 g6 4.Nf3 Bg7 5.Bc4 e6 6.O-O Nge7 7.e5 O-O 8.Ne4 d5 
9.exd6 Nf5 10.d3 Nxd6 11.Nxd6 Qxd6 12.a3 a6 13.Rb1 b5 14.Ba2 Bb7 15.Be3 
Rac8 16.c3 Rfd8 17.Qe1 Ne7 18.Rd1 Nd5 19.Bxd5 Bxd5 20.Ng5 h6 21.Ne4 Qc6 
22.Qf2 Bxe4 23.dxe4 Qxe4 24.Bxc5 Rd3 25.Bb6 Rc6 26.Rfe1 Qd5 27.Rxd3 Qxd3 
28.Bc5 Rc7 29.Qe3 Rd7 30.Qxd3 Rxd3 31.Be3 Kf8 32.Kf2 Ke7 33.Ke2 Rd5 34.Ra1
a5 35.a4 b4 36.cxb4 axb4 37.Ra2 Ra5 38.b3 Ra6 1-0

[Event "37th World U20 ch"]
[Site "Kozhikode IND"]
[Date "1998.11.18"]
[Round "2.27"]
[White "Menon, R. Praveen"]
[Black "Bakre, Tejas"]
[Result "0-1"]
[WhiteElo "2005"]
[BlackElo "2290"]
[EventDate "1998.11.17"]
[PlyCount "58"]

1.c4 c5 2.Nc3 g6 3.g3 Bg7 4.Bg2 Nc6 5.e4 d6 6.Nge2 e5 7.d3 Nge7 8.O-O O-O 
9.f4 Bg4 10.h3 Be6 11.Nd5 Qd7 12.Kh2 f5 13.Rb1 Rab8 14.Nxe7+ Qxe7 15.Be3 
Nd4 16.Nc3 exf4 17.Bxf4 g5 18.Be3 f4 19.gxf4 gxf4 20.Bxd4 Bxd4 21.Qh5 Qg7 
22.Ne2 Be5 23.Bf3 Kh8 24.Rg1 Qe7 25.Qg5 Qxg5 26.Rxg5 b5 27.b3 bxc4 28.dxc4
Bxc4 29.Rbg1 Bxe2 0-1

[Event "37th World U20 ch"]
[Site "Kozhikode IND"]
[Date "1998.11.18"]
[Round "2.28"]
[White "Abbasov, Farid"]
[Black "Uberoi, Arjun"]
[Result "1-0"]
[WhiteElo "2290"]
[BlackElo "2070"]
[EventDate "1998.11.17"]
[PlyCount "117"]

1.e4 c5 2.c3 d5 3.exd5 Qxd5 4.d4 Nf6 5.Nf3 Bg4 6.Be2 cxd4 7.cxd4 e6 8.Nc3 
Qa5 9.h3 Bh5 10.Qb3 Bb4 11.O-O O-O 12.a3 Bxc3 13.bxc3 Qc7 14.g4 Bg6 15.c4 
Nbd7 16.Be3 Rac8 17.Rac1 b6 18.Rfd1 Rfd8 19.Bg5 Be4 20.Qe3 Ba8 21.Bf4 Qb7 
22.a4 Qe4 23.Qxe4 Nxe4 24.Rd3 h6 25.a5 Nef6 26.Ra3 Bc6 27.Ne1 g5 28.Be3 
Ne4 29.f3 Nd6 30.h4 f6 31.Kf2 b5 32.c5 Ne8 33.Nd3 Nc7 34.Nb4 Nb8 35.a6 
gxh4 36.Rh1 Kg7 37.Rxh4 Rh8 38.Bf4 Be8 39.Ra5 Nc6 40.Nxc6 Bxc6 41.Rh1 Nd5 
42.Bd6 Nc3 43.Bd3 b4 44.Rc1 Kf7 45.Rh1 Kg7 46.Ke3 Kf7 47.Rh3 Bd5 48.Ra1 
Bc6 49.Rah1 Kg7 50.Kd2 Nd5 51.Bc4 Kg6 52.Re1 Rce8 53.Rb1 h5 54.Rbh1 h4 55.
Rxh4 Rxh4 56.Rxh4 Kg7 57.Bd3 Ra8 58.Rh7+ Kg8 59.Rb7 1-0

[Event "37th World U20 ch"]
[Site "Kozhikode IND"]
[Date "1998.11.18"]
[Round "2.29"]
[White "Panchanathan, Magesh Chandran"]
[Black "De Silva, Nirosh"]
[Result "0-1"]
[WhiteElo "2280"]
[BlackElo "2025"]
[EventDate "1998.11.17"]
[PlyCount "70"]

1.e4 c5 2.Nf3 e6 3.d4 cxd4 4.Nxd4 a6 5.Bd3 g6 6.O-O Bg7 7.c3 Ne7 8.f4 d5 
9.e5 Bd7 10.Be3 Qc7 11.Nd2 Nbc6 12.a4 Nxd4 13.Bxd4 Nc6 14.Be3 b6 15.Qe2 
Qb7 16.b4 O-O 17.Nb3 f6 18.exf6 Bxf6 19.Nd4 Bxd4 20.Bxd4 Nxd4 21.cxd4 a5 
22.b5 Rac8 23.Rf3 Rc3 24.Raf1 Qc7 25.Qe3 Ra3 26.h4 Rxa4 27.Rc1 Qd6 28.h5 
Ra3 29.Rcf1 Bxb5 30.Qe2 Rxd3 31.Rxd3 Bxd3 32.Qxd3 Rxf4 33.Rc1 Qb4 34.Rc8+ 
Kf7 35.Rc7+ Kf6 0-1

[Event "37th World U20 ch"]
[Site "Kozhikode IND"]
[Date "1998.11.18"]
[Round "2.34"]
[White "Dovramadiev, Tikhomir"]
[Black "Medak, Bojan"]
[Result "1/2-1/2"]
[WhiteElo "2210"]
[BlackElo "2220"]
[EventDate "1998.11.17"]
[PlyCount "25"]

1.e4 d6 2.Nc3 g6 3.g3 Bg7 4.Bg2 e5 5.Nge2 Ne7 6.O-O O-O 7.d4 c6 8.Be3 Nd7 
9.b3 f5 10.Qd2 exd4 11.Bxd4 Nf6 12.Rad1 fxe4 13.Nxe4 1/2-1/2

[Event "37th World U20 ch"]
[Site "Kozhikode IND"]
[Date "1998.11.19"]
[Round "3.1"]
[White "Zhang Zhong"]
[Black "Jenni, Florian"]
[Result "1/2-1/2"]
[WhiteElo "2510"]
[BlackElo "2430"]
[EventDate "1998.11.17"]
[PlyCount "111"]

1.e4 e5 2.Nf3 Nc6 3.Bb5 a6 4.Ba4 Nf6 5.O-O Be7 6.Bxc6 dxc6 7.Nc3 Bg4 8.h3 
Bh5 9.Qe2 Qc8 10.Qe3 Nd7 11.Ne2 Bc5 12.Qc3 f6 13.Ng3 Bxf3 14.Qxf3 Nf8 15.
Qb3 Ne6 16.c3 Bb6 17.a4 a5 18.Rd1 Qd7 19.Qc4 h5 20.d3 Rd8 21.Nf5 g6 22.Nh4
g5 23.Nf5 Ng7 24.Nxg7+ Qxg7 25.Qe6+ Qe7 26.Qf5 Rf8 27.Qf3 Rh8 28.Be3 Qe6 
29.Bxb6 g4 30.Qe3 cxb6 31.h4 c5 32.d4 cxd4 33.cxd4 Rxd4 34.Rxd4 exd4 35.
Qxd4 Rh7 36.Qe3 Rd7 37.Rc1 Kf7 38.Qh6 Qe5 39.g3 Qxe4 40.Qxh5+ Kg7 41.Qb5 
Rd6 42.b3 Kh6 43.Qf1 Rd2 44.Qb5 Qd4 45.Qf5 Rd1+ 46.Rxd1 Qxd1+ 47.Kh2 Qd4 
48.h5 Kg7 49.Kg2 Kg8 50.h6 Kh8 51.Qg6 Qd5+ 52.Kg1 Qg5 53.Qc2 Qxh6 54.Qc8+ 
Kh7 55.Qxb7+ Kg6 56.Qxb6 1/2-1/2

[Event "37th World U20 ch"]
[Site "Kozhikode IND"]
[Date "1998.11.19"]
[Round "3.2"]
[White "Banikas, Hristos"]
[Black "Salmensuu, Olli"]
[Result "1-0"]
[WhiteElo "2490"]
[BlackElo "2420"]
[EventDate "1998.11.17"]
[PlyCount "89"]

1.c4 Nf6 2.Nc3 e5 3.Nf3 Nc6 4.e3 Be7 5.a3 h6 6.Qc2 a5 7.Be2 O-O 8.O-O d5 
9.cxd5 Nxd5 10.d3 Kh8 11.Rd1 Nxc3 12.bxc3 f5 13.e4 Qe8 14.exf5 Bxf5 15.Be3
Qg6 16.Nd2 Nd8 17.Ne4 Ne6 18.Ng3 Bg5 19.Bh5 Qh7 20.Bf3 Bxe3 21.fxe3 Nc5 
22.e4 Be6 23.Rab1 Qg8 24.Qf2 b6 25.d4 Na4 26.Qc2 Bd7 27.Nf5 Qc4 28.Rbc1 
Rae8 29.Ne3 Qc6 30.Bh5 g6 31.Bf3 Rf7 32.Qa2 Be6 33.Qd2 Bb3 34.Rf1 h5 35.
Nd5 Ref8 36.dxe5 Qc5+ 37.Kh1 c6 38.Nf6 Kg7 39.Qg5 Rxf6 40.exf6+ Rxf6 41.
Qg3 Re6 42.Bd1 Qxa3 43.Bxb3 Qxb3 44.Qc7+ Kh6 45.Qf4+ 1-0

[Event "37th World U20 ch"]
[Site "Kozhikode IND"]
[Date "1998.11.19"]
[Round "3.4"]
[White "Mirzoev, Azer"]
[Black "Sadvakasov, Darmen"]
[Result "0-1"]
[WhiteElo "2445"]
[BlackElo "2440"]
[EventDate "1998.11.17"]
[PlyCount "64"]

1.d4 Nf6 2.Nf3 c5 3.c4 cxd4 4.Nxd4 e6 5.g3 Qb6 6.Bg2 Bc5 7.e3 Nc6 8.Nb3 
Bb4+ 9.Bd2 a5 10.O-O a4 11.Nc1 d5 12.cxd5 exd5 13.Nc3 O-O 14.Nd3 d4 15.
Nxb4 Nxb4 16.Nxa4 Qb5 17.b3 dxe3 18.Bxe3 Bg4 19.Qd6 Nc2 20.Qc5 Qe2 21.Rac1
Rac8 22.Qb6 Bf3 23.Bxf3 Qxf3 24.Bc5 Nd7 25.Qb5 Rxc5 26.Qxd7 Ne3 27.fxe3 
Rxc1 28.Rxc1 Qxe3+ 29.Kg2 Qxc1 30.Qxb7 Qc2+ 31.Kh3 Qf5+ 32.Kg2 Re8 0-1

[Event "37th World U20 ch"]
[Site "Kozhikode IND"]
[Date "1998.11.19"]
[Round "3.6"]
[White "Fedorchuk, Sergei"]
[Black "Janssen, Ruud"]
[Result "1/2-1/2"]
[WhiteElo "2415"]
[BlackElo "2345"]
[EventDate "1998.11.17"]
[PlyCount "96"]

1.e4 c5 2.Nf3 d6 3.d4 cxd4 4.Nxd4 Nf6 5.Nc3 g6 6.f4 Nc6 7.Nf3 Bg4 8.Be3 
Bg7 9.h3 Bxf3 10.Qxf3 O-O 11.Bd3 d5 12.exd5 Nb4 13.O-O-O Qa5 14.Bc4 Rac8 
15.Bb3 Rxc3 16.bxc3 Nxa2+ 17.Bxa2 Qxa2 18.Bd4 Rd8 19.Rhe1 Nxd5 20.Rd3 Nb4 
21.cxb4 Bxd4 22.Kd2 Rc8 23.Qd1 Bf6 24.Re4 b6 25.Qc1 Bb2 26.Qd1 Bf6 27.g3 
Kg7 28.h4 h5 29.Qc1 Bb2 30.Qd1 Bf6 31.Qc1 a5 32.b5 Rc5 33.Rb3 a4 34.Ra3 
Qd5+ 35.Ke3 Rxb5 36.Raxa4 Qc5+ 37.Ke2 Rb2 38.Rac4 Qb5 39.Qd2 Rb1 40.Kf2 
Rh1 41.Kg2 Qb1 42.Qf2 Rd1 43.Re2 Qa1 44.Qxb6 Bd4 45.Rxd4 Rxd4 46.Qc5 Rd1 
47.Qe5+ Qxe5 48.Rxe5 Rd2+ 1/2-1/2

[Event "37th World U20 ch"]
[Site "Kozhikode IND"]
[Date "1998.11.19"]
[Round "3.7"]
[White "Williams, Simon"]
[Black "Dao Thien Hai"]
[Result "0-1"]
[WhiteElo "2335"]
[BlackElo "2580"]
[EventDate "1998.11.17"]
[PlyCount "55"]

1.c4 e5 2.Nc3 Nc6 3.Nf3 Nf6 4.g3 Bc5 5.Bg2 O-O 6.d3 h6 7.Nxe5 Bxf2+ 8.Kxf2
Nxe5 9.Rf1 c6 10.Kg1 d6 11.e4 Bg4 12.Qc2 Qb6+ 13.Kh1 Nh5 14.Na4 Qd4 15.c5 
b5 16.cxb6 axb6 17.b3 b5 18.Nb2 f5 19.Bd2 fxe4 20.dxe4 Rxf1+ 21.Rxf1 Rxa2 
22.Bc3 Qa7 23.Qd2 Qe7 24.Qe3 Qe6 25.Bxe5 Qxe5 26.Nd3 Qc3 27.e5 Re2 28.Rc1 
0-1

[Event "37th World U20 ch"]
[Site "Kozhikode IND"]
[Date "1998.11.19"]
[Round "3.8"]
[White "Al-Rakib, Abdullah"]
[Black "Nataf, Igor-Alexandre"]
[Result "1-0"]
[WhiteElo "2350"]
[BlackElo "2485"]
[EventDate "1998.11.17"]
[PlyCount "67"]

1.d4 g6 2.Nf3 Bg7 3.Nc3 d6 4.e4 Nf6 5.Be2 O-O 6.O-O c6 7.a4 Nbd7 8.h3 e5 
9.dxe5 dxe5 10.Bg5 Nc5 11.Qxd8 Rxd8 12.Rfd1 Re8 13.Nd2 Ne6 14.Be3 Nd4 15.
Bd3 Be6 16.Ne2 Nxe2+ 17.Bxe2 Red8 18.Nc4 Rxd1+ 19.Rxd1 Nxe4 20.Na5 Nf6 21.
Nxb7 Bf5 22.Rd8+ Rxd8 23.Nxd8 Bxc2 24.a5 Nd5 25.Bxa7 Bf6 26.Nxc6 Ba4 27.
Nb8 e4 28.Bc4 Nc7 29.b3 Be8 30.a6 Be5 31.Bc5 Na8 32.a7 Bc7 33.Bd5 Nb6 34.
Bxb6 1-0

[Event "37th World U20 ch"]
[Site "Kozhikode IND"]
[Date "1998.11.19"]
[Round "3.9"]
[White "Neelotpal, Das"]
[Black "Kalod, Radek"]
[Result "1/2-1/2"]
[WhiteElo "2405"]
[BlackElo "2435"]
[EventDate "1998.11.17"]
[PlyCount "62"]

1.e4 c5 2.Nf3 d6 3.d4 cxd4 4.Nxd4 Nf6 5.Nc3 a6 6.Be2 e6 7.O-O Be7 8.f4 O-O
9.Be3 Nc6 10.Kh1 Qc7 11.a4 Re8 12.Bf3 Bf8 13.Nb3 b6 14.e5 dxe5 15.fxe5 Nd7
16.Bxc6 Qxc6 17.Nd4 Qb7 18.Rxf7 Kxf7 19.Qh5+ Kg8 20.Qxe8 Nxe5 21.Qh5 Nc4 
22.Qe2 b5 23.Rf1 Bd7 24.Bc1 Re8 25.Nf3 Bc6 26.axb5 axb5 27.b3 Nd6 28.Ne5 
b4 29.Nxc6 Qxc6 30.Nd1 Nf5 31.Ne3 Qe4 1/2-1/2

[Event "37th World U20 ch"]
[Site "Kozhikode IND"]
[Date "1998.11.19"]
[Round "3.11"]
[White "Bakre, Tejas"]
[Black "Sasikiran, Krishnan"]
[Result "1/2-1/2"]
[WhiteElo "2290"]
[BlackElo "2470"]
[EventDate "1998.11.17"]
[PlyCount "74"]

1.e4 c5 2.Nf3 d6 3.d4 cxd4 4.Nxd4 Nf6 5.Nc3 e6 6.Be3 a6 7.g4 h6 8.f4 Qb6 
9.a3 Bd7 10.Bg1 Qc7 11.Qf3 Nc6 12.h3 Be7 13.Be3 g5 14.Nb3 gxf4 15.Bxf4 Ne5
16.Qe2 Nh7 17.O-O-O Nf8 18.Kb1 Nfg6 19.Be3 b5 20.Qd2 Rb8 21.Ka2 a5 22.Nd4 
Nc4 23.Bxc4 Qxc4+ 24.b3 Qc7 25.Nce2 a4 26.Nf3 Ne5 27.Rhf1 Bc6 28.Qc3 Rc8 
29.Ng3 Bb7 30.Qxc7 Rxc7 31.Kb2 axb3 32.cxb3 b4 33.Nxe5 bxa3+ 34.Kxa3 dxe5+
35.Kb2 Bh4 36.Rg1 Bg5 37.Rge1 Ke7 1/2-1/2

[Event "37th World U20 ch"]
[Site "Kozhikode IND"]
[Date "1998.11.19"]
[Round "3.12"]
[White "Soln, Primoz"]
[Black "Abbasov, Farid"]
[Result "1/2-1/2"]
[WhiteElo "2470"]
[BlackElo "2290"]
[EventDate "1998.11.17"]
[PlyCount "62"]

1.d4 d5 2.c4 e6 3.Nc3 c5 4.cxd5 exd5 5.Nf3 Nc6 6.g3 Nf6 7.Bg2 Be7 8.O-O 
O-O 9.dxc5 Bxc5 10.Bg5 d4 11.Ne4 Be7 12.Bxf6 Bxf6 13.Ne1 Be7 14.Nd3 Re8 
15.Rc1 Rb8 16.a3 Bg4 17.Re1 Bf8 18.Nec5 Bxc5 19.Rxc5 Qf6 20.Bxc6 bxc6 21.
b4 Rbd8 22.Qd2 Rd6 23.Nf4 h6 24.h3 Bd7 25.Kg2 g6 26.h4 Bg4 27.f3 Bf5 28.
Rd1 Re3 29.Kf2 Rxa3 30.Rc4 d3 31.exd3 Bxd3 1/2-1/2

[Event "37th World U20 ch"]
[Site "Kozhikode IND"]
[Date "1998.11.19"]
[Round "3.13"]
[White "Saurabh, Kherdekar"]
[Black "Fressinet, Laurent"]
[Result "0-1"]
[WhiteElo "2265"]
[BlackElo "2455"]
[EventDate "1998.11.17"]
[PlyCount "56"]

1.c4 Nf6 2.Nc3 g6 3.g3 Bg7 4.Bg2 O-O 5.Nf3 c5 6.O-O Nc6 7.d4 cxd4 8.Nxd4 
Ng4 9.e3 d6 10.b3 Nxd4 11.exd4 Nh6 12.Bb2 Nf5 13.Ne2 Rb8 14.Qd2 b5 15.cxb5
Rxb5 16.Rfe1 e6 17.d5 e5 18.Bc3 h5 19.b4 h4 20.a4 Rb8 21.b5 hxg3 22.hxg3 
Nh6 23.Rac1 Ng4 24.Ba5 Qf6 25.Nc3 Bh6 26.Ne4 Qh8 27.Qb2 Bxc1 28.Rxc1 f5 
0-1

[Event "37th World U20 ch"]
[Site "Kozhikode IND"]
[Date "1998.11.19"]
[Round "3.14"]
[White "Vuckovic, Bojan"]
[Black "Janz, Frerik"]
[Result "1-0"]
[WhiteElo "2435"]
[BlackElo "2240"]
[EventDate "1998.11.17"]
[PlyCount "81"]

1.e4 c6 2.d4 d5 3.Nc3 dxe4 4.Nxe4 Bf5 5.Ng3 Bg6 6.h4 h6 7.Nf3 Nd7 8.h5 Bh7
9.Bd3 Bxd3 10.Qxd3 e6 11.Bf4 Bb4+ 12.c3 Be7 13.O-O-O Ngf6 14.Kb1 O-O 15.
Ne4 c5 16.dxc5 Nxe4 17.Qxe4 Nxc5 18.Qe5 Qb6 19.Be3 Rac8 20.Qg3 Bf6 21.Ne5 
Qb5 22.c4 Ne4 23.cxb5 Nxg3 24.fxg3 Bxe5 25.Bxa7 Bxg3 26.Rd7 Rfd8 27.Rhd1 
Rxd7 28.Rxd7 e5 29.Rxb7 e4 30.Re7 f5 31.a4 Kf8 32.Re6 Kf7 33.Rc6 Ra8 34.b6
e3 35.Rc2 Be5 36.Kc1 f4 37.Kd1 Ke6 38.Ke2 Kf5 39.Rc5 Rd8 40.b7 Rd2+ 41.Ke1
1-0

[Event "37th World U20 ch"]
[Site "Kozhikode IND"]
[Date "1998.11.19"]
[Round "3.15"]
[White "Blehm, Pawel"]
[Black "Laxman, Rajaram"]
[Result "1-0"]
[WhiteElo "2420"]
[BlackElo "2225"]
[EventDate "1998.11.17"]
[PlyCount "72"]

1.e4 c5 2.Nf3 Nc6 3.d4 cxd4 4.Nxd4 Qb6 5.Nb3 e6 6.Nc3 a6 7.Be3 Qc7 8.f4 d6
9.Qf3 b5 10.Bd3 Nb4 11.O-O Nf6 12.a3 Nxd3 13.cxd3 Bb7 14.Rac1 Qd8 15.Qg3 
g6 16.e5 Nd7 17.Qf2 d5 18.Bd4 Be7 19.Nd2 O-O 20.Qe3 b4 21.axb4 Bxb4 22.g4 
Qh4 23.h3 f6 24.exf6 Rae8 25.Kg2 e5 26.fxe5 Rxe5 27.Qg3 Qxg3+ 28.Kxg3 Re6 
29.g5 Bd6+ 30.Kg2 Nc5 31.Rf3 Ree8 32.Rcf1 Kf7 33.h4 Ne6 34.Bg1 Bc6 35.Ra1 
Nf4+ 36.Kf1 Nh5 1-0

[Event "37th World U20 ch"]
[Site "Kozhikode IND"]
[Date "1998.11.19"]
[Round "3.16"]
[White "Grotz, Harald"]
[Black "Herraiz Hidalgo, Herminio"]
[Result "1/2-1/2"]
[WhiteElo "2225"]
[BlackElo "2405"]
[EventDate "1998.11.17"]
[PlyCount "54"]

1.e4 e6 2.d4 d5 3.Nd2 Nf6 4.e5 Nfd7 5.c3 c5 6.Bd3 Nc6 7.Ne2 Qb6 8.Nf3 cxd4
9.cxd4 f6 10.exf6 Nxf6 11.O-O Bd6 12.Nc3 O-O 13.Bg5 Kh8 14.Kh1 Bd7 15.Rc1 
Nxd4 16.Be3 e5 17.Ne2 Ng4 18.Nexd4 Nxe3 19.fxe3 exd4 20.exd4 Bf4 21.Rc5 
Qh6 22.Qc2 g5 23.Rxd5 Rac8 24.Rxd7 Rxc2 25.Bxc2 Qc6 26.Rxh7+ Kg8 27.Bd3 
Bc1 1/2-1/2

[Event "37th World U20 ch"]
[Site "Kozhikode IND"]
[Date "1998.11.19"]
[Round "3.18"]
[White "Belmonte, Diego Mariano"]
[Black "Goldenberg, Danny"]
[Result "1-0"]
[WhiteElo "2200"]
[BlackElo "2325"]
[EventDate "1998.11.17"]
[PlyCount "69"]

1.d4 g6 2.c4 Bg7 3.Nc3 d6 4.Nf3 Nc6 5.d5 Ne5 6.Nxe5 dxe5 7.e4 Nf6 8.Be2 
O-O 9.Be3 Nd7 10.g4 b6 11.Qd2 a5 12.h4 Nc5 13.O-O-O Bb7 14.h5 e6 15.f3 
exd5 16.cxd5 Bc8 17.d6 c6 18.hxg6 hxg6 19.Bc4 Be6 20.Qh2 f6 21.Bxe6+ Nxe6 
22.Qh7+ Kf7 23.Rh6 Rh8 24.Qxg6+ Kf8 25.Rxh8+ Bxh8 26.Qf5 Ng7 27.Qh7 Kf7 
28.d7 b5 29.Ne2 b4 30.f4 b3 31.a3 exf4 32.Nxf4 Qe7 33.Qg6+ Kf8 34.Bb6 Qe5 
35.d8=Q+ 1-0

[Event "37th World U20 ch"]
[Site "Kozhikode IND"]
[Date "1998.11.19"]
[Round "3.19"]
[White "De Silva, Nirosh"]
[Black "Khamrakulov, Ibragim"]
[Result "0-1"]
[WhiteElo "2025"]
[BlackElo "2315"]
[EventDate "1998.11.17"]
[PlyCount "60"]

1.e4 c5 2.Nf3 a6 3.d4 cxd4 4.Nxd4 Nf6 5.Bd3 e5 6.Nb3 Nc6 7.O-O Be7 8.c4 
Nb4 9.Nc3 O-O 10.Nd5 Nbxd5 11.cxd5 d6 12.f4 Ng4 13.Qe1 exf4 14.Bxf4 Bf6 
15.h3 Ne5 16.Be2 Ng6 17.Be3 Re8 18.Nd2 Bxb2 19.Rb1 Bf6 20.Qc1 Qe7 21.Bf3 
b5 22.a4 Bd7 23.Qa3 Qe5 24.Rfc1 Nh4 25.Rc7 Bxh3 26.Bf2 Nxg2 27.Bxg2 Bxg2 
28.Qg3 Bxe4 29.Qxe5 Rxe5 30.Nxe4 Rxe4 0-1

[Event "37th World U20 ch"]
[Site "Kozhikode IND"]
[Date "1998.11.19"]
[Round "3.20"]
[White "Aliev, Rasim"]
[Black "Sandipan, Chanda"]
[Result "1/2-1/2"]
[WhiteElo "2295"]
[BlackElo "2305"]
[EventDate "1998.11.17"]
[PlyCount "79"]

1.e4 c5 2.c3 Nf6 3.e5 Nd5 4.d4 e6 5.Nf3 cxd4 6.cxd4 b6 7.Bd3 Bb4+ 8.Bd2 
Bxd2+ 9.Nbxd2 Ba6 10.Ne4 O-O 11.O-O Bxd3 12.Qxd3 Nc6 13.a3 Nce7 14.Nd6 f5 
15.Rac1 Nc8 16.Nc4 a6 17.Qe2 b5 18.Nd6 Nxd6 19.exd6 Qb6 20.Qe5 f4 21.Nh4 
Qd8 22.g3 f3 23.Rc5 Qf6 24.Qxf6 Rxf6 25.g4 Raf8 26.Rd1 Nf4 27.d5 Nxd5 28.
Rd3 Kh8 29.Rxf3 g5 30.Rxf6 Rxf6 31.Nf5 exf5 32.Rxd5 fxg4 33.Rxg5 Rxd6 34.
Rxg4 Rd2 35.Rb4 d5 36.Kf1 Rc2 37.b3 Kg7 38.a4 bxa4 39.bxa4 Rc6 40.Ke2 
1/2-1/2

[Event "37th World U20 ch"]
[Site "Kozhikode IND"]
[Date "1998.11.19"]
[Round "3.23"]
[White "Leskiewicz, Maksymilian"]
[Black "Kobalia, Mikhail"]
[Result "0-1"]
[WhiteElo "2210"]
[BlackElo "2505"]
[EventDate "1998.11.17"]
[PlyCount "40"]

1.d4 f5 2.Nf3 Nf6 3.Bg5 e6 4.Nbd2 d5 5.e3 Be7 6.c4 c6 7.Be2 Nbd7 8.Qc2 h6 
9.cxd5 hxg5 10.dxe6 Nf8 11.Nxg5 Qa5 12.Bf3 Nxe6 13.Bxc6+ Kf8 14.Bxb7 Bxb7 
15.Nxe6+ Kg8 16.O-O Bf8 17.Nc4 Qa6 18.Ne5 Bd6 19.Qb3 Nd5 20.Qd1 Bf8 0-1

[Event "37th World U20 ch"]
[Site "Kozhikode IND"]
[Date "1998.11.19"]
[Round "3.24"]
[White "Florean, Andrei"]
[Black "Dovramadiev, Tikhomir"]
[Result "1-0"]
[WhiteElo "2450"]
[BlackElo "2210"]
[EventDate "1998.11.17"]
[PlyCount "85"]

1.d4 Nf6 2.c4 d6 3.Nf3 Nbd7 4.Nc3 e5 5.g3 Be7 6.Bg2 c6 7.O-O O-O 8.b3 e4 
9.Nh4 d5 10.Nf5 Bb4 11.Nb1 Re8 12.Ba3 Bxa3 13.Nxa3 Nf8 14.Ne3 Qe7 15.Nac2 
Be6 16.c5 Nh5 17.f3 exf3 18.exf3 g6 19.b4 Ng7 20.Re1 Qd7 21.Qd2 Bf5 22.a4 
Bxc2 23.Ng4 Kh8 24.Qxc2 Rxe1+ 25.Rxe1 Re8 26.Ne5 Qc7 27.Qd2 f6 28.Nd3 
Rxe1+ 29.Nxe1 a6 30.Kf2 Nge6 31.Qe3 Kg7 32.h4 Kf7 33.Bh3 Nd8 34.Nd3 Qe7 
35.Qxe7+ Kxe7 36.Bc8 Nfe6 37.Ke3 h6 38.Nc1 a5 39.bxa5 Nc7 40.Nd3 Na6 41.
Kd2 g5 42.Kc3 Nc7 43.Nb4 1-0